000 00412nam a2200157Ia 4500
008 210716s2010 xx 000 0 und d
020 _a9788131806548
041 _aeng
082 _a621.3822 DURC
100 _aDurai, C Ramesh Babu.
245 _aDigital singal processing.
250 _a2
260 _aNew Delhi
_bUniversity Science Press
_c2010
300 _a448
650 _aSignal Processing (621.3822)
999 _c191923
_d191923